Strategic Human Resource Management. (Record no. 348689)
[ view plain ]
| 000 -LEADER | |
|---|---|
| fixed length control field | 00448 a2200169 4500 |
| 020 ## - INTERNATIONAL STANDARD BOOK NUMBER | |
| International Standard Book Number | 9788175544611 |
| 022 ## - INTERNATIONAL STANDARD SERIAL NUMBER | |
| International Standard Serial Number | 9788175544611 |
| 082 ## - DEWEY DECIMAL CLASSIFICATION NUMBER | |
| Classification number | 658.3 |
| 090 ## - LOCALLY ASSIGNED LC-TYPE CALL NUMBER (OCLC); LOCAL CALL NUMBER (RLIN) | |
| -- | 6323 |
| -- | 6323 |
| 100 ## - MAIN ENTRY--PERSONAL NAME | |
| Personal name | Armstrong,Michael. |
| 245 ## - TITLE STATEMENT | |
| Title | Strategic Human Resource Management. |
| Remainder of title | A Guide to Action. |
| Statement of responsibility, etc. | Michael Armstrong. |
| 250 ## - EDITION STATEMENT | |
| Edition statement | 4th. |
| 260 ## - PUBLICATION, DISTRIBUTION, ETC. | |
| Place of publication, distribution, etc. | New Delhi. |
| Name of publisher, distributor, etc. | Kogan page. |
| Date of publication, distribution, etc. | 2009. |
| 300 ## - PHYSICAL DESCRIPTION | |
| Extent | 248p. |
| 500 ## - GENERAL NOTE | |
| General note | Paper Cover. |
| 942 ## - ADDED ENTRY ELEMENTS (KOHA) | |
| Institution code [OBSOLETE] | NBS |
| Koha item type | Book |
| Call number prefix | 658.3 ARM |
| Withdrawn status | Lost status | Damaged status | Not for loan | Permanent Location | Current Location | Date acquired | Total Checkouts | Total Renewals | Full call number | Barcode | Date last seen | Date last checked out | Price effective from | Koha item type |
|---|---|---|---|---|---|---|---|---|---|---|---|---|---|---|
| Central Library (CL) | Central Library (CL) | 08/28/2013 | 7 | 2 | 658.3 ARM | NBS8617 | 02/20/2023 | 12/08/2021 | 08/28/2013 | Book |
